000 00368nam a22001337a 4500
020 _a0195136047
040 _cNUST
082 _a621.3
_bSAR
100 _aMulukutla S. Sarma
_9125331
245 _aIntroduction to Electrical Engineering
260 _aNew York,
_bOxford University Press,
_c2001.
650 _2Introduction to Electrical Engineering
942 _2ddc
_cBK
999 _c611086
_d611086